UNDERSTANDING & INTERPRETING DREAMS / (Record no. 615528)

000 -LEADER
fixed length control field 00335nam a22001337a 4500
027 ## - STANDARD TECHNICAL REPORT NUMBER
Qualifying information PB.
040 ## - CATALOGING SOURCE
Transcribing agency FIZZA ISHAQ
082 ## - DEWEY DECIMAL CLASSIFICATION NUMBER
Classification number 154.63
Author Mark NER
100 ## - MAIN ENTRY--PERSONAL NAME
Personal name DEE,NERYS.
9 (RLIN) 132305
245 ## - TITLE STATEMENT
Title UNDERSTANDING & INTERPRETING DREAMS /
Statement of responsibility, etc. NERYS,DEE.
260 ## - PUBLICATION, DISTRIBUTION, ETC.
Place of publication, distribution, etc. CANADA;
Name of publisher, distributor, etc. STERLING,
Date of publication, distribution, etc. 1990.
300 ## - PHYSICAL DESCRIPTION
Extent 240 P. ;
Dimensions 10.5X8IN
942 ## - ADDED ENTRY ELEMENTS (KOHA)
Source of classification or shelving scheme
Koha item type Book
Holdings
Withdrawn status Lost status Source of classification or shelving scheme Damaged status Not for loan Permanent Location Current Location Shelving location Date acquired Total Checkouts Full call number Barcode Date last seen Price effective from Koha item type
          NUST Baluchistan Campus (NBC) NUST Baluchistan Campus (NBC) General Stacks 12/16/2025   154.63 NER QD-831 12/16/2025 12/16/2025 Book
© 2023 Central Library, National University of Sciences and Technology. All Rights Reserved.